000 01370nam a2200289 a 4500
001 BRCA_2760
005 20190320203946.0
008 051208s1901----sp-a---###---#000-0#spa-u
041 _aspa
044 _asp
084 _a241
_b.M38
_c1901
100 1 _aCervantes Saavedra, Miguel de
_d1547-1616
_9213
245 1 0 _aEl Ingenioso Hidalgo Don Quijote de la Mancha
_ccompuesto por Miguel de Cervantes Saavedra.
260 _aBarcelona
_bMaucci-Maucci hermanos
_c1901
300 _a2 v.
_bil.
_c19 cm.
500 _aContenido : v 1. Primera parte. Retrato de Cervantes. Dedicatoria del autor. Prólogo del autor. Versos preliminares. Texto. -- v 2. Segunda parte. Dedicatoria del autor. Prólogo del autor. Texto
500 _aEdición : Edición ilustrada
500 _aEdición de surtido, impresa con tipos aceptables, pero en papel de mala calidad. Semipiel; lomo decorado con filetes dorados Lúdovik Osterc
500 _aEstado físico : En el primer volúmen las primeras hojas estan semidesprendidas
650 1 4 _aNovela española
_yÉpoca clásica, 1500-1700
_9215
650 1 4 _aLiteratura española
_yÉpoca clásica, 1500-1700
_9216
650 1 4 _aNovela española
_yÉpoca clásica, 1500-1700
_9215
650 1 4 _aDon Quijote (Personaje ficticio)
_eNovela
_9218
740 0 _aEl Ingenioso Hidalgo Don Quijote de la Mancha
902 _aQFM
942 _2lcc
_cB
999 _c2500
_d2500